| 000 | 00773nam a2200217Ii 4500 | ||
|---|---|---|---|
| 003 | JO-AjNU | ||
| 008 | 230605s9999||||xx |||||||||||||| ||und|| | ||
| 017 | _a2004/21615 | ||
| 020 | _a977-04-4666-7 | ||
| 040 |
_aJO-AjNU _bara _erda _cJO-AjNU |
||
| 041 | _aara | ||
| 050 | 1 | 4 | _aK5015.4.2008 |
| 100 | 3 |
_a عتيق ، السيد , _eauthor _932544 |
|
| 245 | 0 | 0 | _aالتفاوض على الاعتراف في قانون الإجراءات الجنائية الفرنسى في ضوء أحدث التعديلات " دراسة مقارنة " |
| 250 | _a(د،ط) | ||
| 264 | 3 | 1 | _aالقاهرة : دار النهضة العربية ، 2008 |
| 300 | _a205ص | ||
| 336 |
_atext _btxt _2rdacontent |
||
| 337 |
_aunmediated _bn _2rdamedia |
||
| 338 |
_avolume _bnc _2rdacarrier |
||
| 999 |
_aA13150 _c16718 _d16718 |
||